Представление документа в формате RUSMARC

Поле Инд. ПП Название Значение
Тип записи a
Библиографический уровень a
001 Контрольный номер 2ee7926a8fca40599fb78445b1146b92
005 Дата корректировки 20181120134552.3
100 a Данные общей обработки 20181004 ||| 0rusy0189 ca
101 0_ a Язык текста rus
102 a Страна публикации RU
200 1_ f Первые сведения об ответственности И.И. Кучеров
a Заглавие Криптовалюта как платежное средство
b Общее обозначение материала Текст
210 d Дата издания 2018
461 _0 1 2000
a Финансовое право
463 _0 1 2000
a №7
v С. 3-6
1 2101
d 2018
1 0019cfcd78a0ec94476aee9031b0857f405
606 a Основная рубрика Финансовое право
610 0_ a Ключевые слова ДЕНЬГИ
a Ключевые слова ПЛАТЕЖНАЯ СИСТЕМА
700 _1 a Фамилия Кучеров
b Имя И.И.
801 _0 a Страна RU
b Организация РГУП
c Дата составления 20181004
g Правила каталогизации PSBO
801 _1 a Страна RU
b Организация РГУП
c Дата составления 20181004
g Правила каталогизации PSBO
901 t Тип документа b
w Контрольный № источника 9cfcd78a0ec94476aee9031b0857f405
905 a Дата ввода 20181004